000
00374nam a22001577a 4500
003
MPLRDC
005
20220104123437.0
008
210129b ||||| |||| 00| 0 eng d
082
_a
997.12 ZDF
100
_a
郑德丰编著
245
_a
中国象棋案子攻杀法
_c
260
_a
_b
文翔图书公司
_c
1984
300
_b
平
650
_a
942
_c
BK
_o
997.12 ZDF
999
_c
11477
_d
11467